| Поле | Название | Значение |
| |
Тип записи |
a |
| |
Библиографический уровень |
m |
| 001 |
Контрольный номер |
RU\NLR\BIBL_A\010843981 |
| 005 |
Дата корректировки |
20180510182229.8 |
| 010 |
Индекс ISBN |
__ |
| a |
ISBN |
978-5-699-81613-2 |
| d |
Цена |
236-50 |
| 021 |
№ государственной регистрации |
__ |
| b |
№ документа |
2015-59689 |
| 100 |
Данные общей обработки |
__ |
| a |
Данные общей обработки |
19150917d20 |||y0rusy0189 ca |
| 101 |
Язык документа |
__ |
| a |
Язык текста |
rus |
| 102 |
Страна публикации |
__ |
| a |
Страна публикации |
RU |
| 102 |
Страна публикации |
__ |
| a |
Страна публикации |
RU |
| 105 |
Кодированные данные (монография) |
__ |
| a |
Кодированные данные (монография) |
a z 0|0zy |
| 200 |
Заглавие и сведения об ответственности |
__ |
| a |
Заглавие |
100 лет активной жизни, или Секреты здорового долголетия ; 1000 ответов на вопросы, как вернуть здоровье |
| a |
Заглавие |
1000 ответов на вопросы, как вернуть здоровье |
| 200 |
Заглавие и сведения об ответственности |
__ |
| f |
Первые сведения об ответственности |
Сергей Бубновский |
| 210 |
Выходные данные |
__ |
| a |
Место издания |
Москва |
| c |
Издательство |
Э |
| d |
Дата издания |
2016 |
| 215 |
Физическое описание |
__ |
| a |
Объем |
443 с. |
| c |
Иллюстрации/тип воспроизводства |
ил. |
| 225 |
Серия (Журнальная рубрика) |
__ |
| a |
Серия (Журнальная рубрика) |
Оздоровление по системе доктора Бубновского. Два бестселлера в одной книге |
| 333 |
Примечание о целевом назначении |
__ |
| a |
Примечание о целевом назначении |
16+ |
| 606 |
Тематические рубрики |
__ |
| a |
Основная рубрика |
Здравоохранение. Медицинские науки |
| 606 |
Тематические рубрики |
__ |
| a |
Основная рубрика |
Личная гигиена |
| 610 |
Ключевые слова |
__ |
| a |
Ключевые слова |
закаливание жаром |
| a |
Ключевые слова |
закаливание холодом |
| a |
Ключевые слова |
здоровое питание |
| a |
Ключевые слова |
ожирение |
| a |
Ключевые слова |
оздоровление |
| 610 |
Ключевые слова |
__ |
| a |
Ключевые слова |
атеросклероз |
| a |
Ключевые слова |
болезни сосудов |
| a |
Ключевые слова |
болезни спины |
| a |
Ключевые слова |
болезни суставов |
| a |
Ключевые слова |
болезнь Бехтерева |
| a |
Ключевые слова |
варикоз |
| a |
Ключевые слова |
возраст и здоровье |
| a |
Ключевые слова |
долголетие |
| a |
Ключевые слова |
нарушение осанки |
| a |
Ключевые слова |
онкология |
| a |
Ключевые слова |
остеопароз |
| a |
Ключевые слова |
плоскостопие |
| a |
Ключевые слова |
полиартрит |
| a |
Ключевые слова |
профилактика болезней |
| a |
Ключевые слова |
сирингомиелия |
| a |
Ключевые слова |
сколиоз |
| a |
Ключевые слова |
суставы |
| a |
Ключевые слова |
тромбы |
| 686 |
Индексы других классификаций |
__ |
| 2 |
Код системы |
rubbk |
| a |
Индекс ББК |
51.204.0 |
| 700 |
Автор |
_1 |
| a |
Фамилия |
Бубновский |
| b |
Имя |
С. М. |
| g |
Полное личное имя |
Сергей Михайлович |
| 801 |
Источник записи |
_0 |
| a |
Страна |
RU |
| b |
Организация |
РГБ |
| c |
Дата составления |
20150917 |
| g |
Правила каталогизации |
RCR |
| 801 |
Источник записи |
_1 |
| a |
Страна |
RU |
| b |
Организация |
РГБ |
| c |
Дата составления |
20150917 |
| 801 |
Источник записи |
_2 |
| a |
Страна |
RU |
| b |
Организация |
Центральная районная библиотека им. Г. А. Пирожникова |
| c |
Дата составления |
20150917 |
| 852 |
Данные о местонахождении |
__ |
| j |
Шифр хранения |
51.204.0 |
| i |
Авторский знак |
Б 90 |
| b |
Сигла хранения |
ООЧ; 8; 9; 10; 12; 14; 16; 18; 22; 24; 26; 29 |
| 901 |
Тип документа |
_0 |
| t |
Тип документа |
m |
| 902 |
Роль лиц |
__ |
| a |
Создатель БЗ |
ОКиО/Шумских |
| 990 |
Данные о заказе (DOS) |
__ |
| j |
Количество экземпляров (DOS) |
12 |
| h |
N записи в КСУ для Б/У (DOS) |
2016-16 |